00554cam a22001697a 4500003000500000005001700005008004100022010000900063011000900072035000900081040000900090100002300099245012100122500009200243650002400335650002500359CHAP20220329133332.0971013s r 00010 d a5080 a6052 a5270 cCHAP00aCharest, Pierre J. 0aMolecular genetics and tissue culture of forest tree species at the Petawawa National Forestry Institute (1988-1989) aSobretiro de: Mangnuss, S. and Boyle, T. J. B. ed. Proc. 22nd meeting part. 1 pp. 91-9414aCultivo de tejidos.14aGenética forestal.